00624nam a22001695i 450000100060000000300090000600500170001500700030003200800410003504000130007610000400008924501710012926000760030030000280037671000290040485200210043353912ES-MaACL20230929062527.0t|940202s1857 sp ||||1| spa d aAS bspa1 aFernández de Velasco, Bernardino.10aObras poéticas del Excmo. Señor D. Bernardino Fernández de Velasco, duque de Frías / cpublicadas a expensas de sus herederos por la Real Academia Española. aMadrid : b[s.n.], c1857 (fImprenta y estereotipia de M. Rivadeneyra) aLIII, 306 p. ; c29 cm.2 aReal Academia Española aES-MaACLjF-2630